Responses for Show #9106 - Monday, May 20, 2024

Grant DeYoung game 4.

Contestants

[<< previous game]

Ivvone Zhou, a student from Bethesda, Maryland

Gregg Meller, a filmmaker from Los Angeles, California

Grant DeYoung, a grocery clerk from Prescott, Arizona (whose 3-day cash winnings total $67,202)

[next game >>]

Jeopardy! Round responses

I'M GETTING DOJA VU
KIDS' LIT
THE GROUPER CHAT
WORDS THAT SHOULD RHYME
SANDWICH POTPOURRI
GARFIELD ON GARFIELD
(Chris Pratt: I'm Chris Pratt, the voice of Garfield in the new movie coming out May 24th. Get ready for a "cat"egory on another famous Garfield, President Garfield.) (Garfield: Hey, President Garfield; that has a nice ring to it.)
    $200 29
(Grant: What's... Snapchat?)

SoundCloud

Grant
Triple Stumper
    $200 19
Horton

Gregg
    $200 28
sea bass

Triple Stumper
    $200 27
cab & swab

Grant
    $200 24
(Ken: Yes, grant money well spent.)
[Laughter]

Oreos

Grant
    $200 30
(Ken: Our thanks to Chris Pratt for helping us out with those clues; The Garfield Movie hits theaters on Friday.)

a (brigadier) general

Grant
    $400 25
Freak

Triple Stumper
    $400 18
Charlotte

Ivvone
    $400 26
Goliath

Gregg
    $400 23
(Grant: What's, uh...? Nope.)

wind & rind

GrantIvvone
    $400 20
(Gregg: What is Rhode Island?)
...
(Ken: It's [*], they were the Sandwich Islands.)

Hawaii

Gregg
Triple Stumper
    $400 22
Horatio Alger

Triple Stumper
    $600 16
The Masked Singer

Grant
    $600 15
a leprechaun

Grant
    $600 17
shrimp

Ivvone
    $600 14
(Gregg: What is cough & loaf?)

cough & dough

GreggIvvone
    $600 13
(Grant: Oh, what's About Schmidt?)

Five Easy Pieces

GrantGregg
    $600 21
(Grant: What's a... Tuesday surprise?)

an October surprise

GrantGregg
    $800 10
Marshall Mathers

Grant
    $800 1
Pinocchio

Grant
    $800 11
the Bahamas

Grant
    $1,000 3
lemon & demon

Gregg
    $800 6
(Grant: What's a shoulder board?)

a sandwich board

GrantGregg
    $800 12
Crete

Gregg
    $1000 4
Farrah Fawcett

Gregg
    $1000 2
Jumanji

Gregg
    $1000 5
hermaphrodites

Ivvone
    $1000 8
motorcade & remoulade

Triple Stumper
    $1000 7
(Cape) Cod

Grant
    $1000 9
the 13th, 14th & 15th

Triple Stumper

Scores at the first commercial break (after clue 15):

Grant Gregg Ivvone
$2,600 $4,600 $1,600

Scores at the end of the Jeopardy! Round:

Grant Gregg Ivvone
$2,600 $5,400 $3,000

Double Jeopardy! Round responses

TURKMENISTAN
DINO MOVIES
SAINTS
"COME" & "GO"
(Ken: One of those words will be in each response.)
DEEP SPACE NIGHT
IT'S A DATE
    $400 26
King Kong

Ivvone
    $400 24
(Ken: Correct, with less than a minute to go.)

come home to roost

Grant
    $400 28
(Grant: What's a, uh, nebula?)
...
[The end-of-round signal sounds.]

a supernova

GrantIvvone
    $400 27
(Grant: What's 1-2-3-4?)
(Ivvone: Uh, what's 1-1-2-3?)

1-2-3, 1-2-3 (12/31/23)

GrantIvvone
Triple Stumper
    $800 25
natural gas

Gregg
    $800 13
(Laura) Dern

Ivvone
    $1,000 22
Calcutta

Gregg
    $800 21
go ballistic

Gregg
    $800 18
Copernicus

Grant
    $6,000 23
(Gregg: What... is June 21st?)
(Ken: No, I'm sorry, exactly six months from Christmas, [*].)

June 25

Gregg
    $1200 4
(Grant: What's... llama?)

a sheep

GrantIvvone
    $1200 8
Night at the Museum

Grant
    $1200 9
(Grant: What's Francis?)

Ignatius of Loyola

Grant
Triple Stumper
    $1200 12
a GoPro

Gregg
    $1200 17
a spiral

Grant
    $1200 20
(Grant: What's... October 31st?)
...
(Ken: Yes, the night before Halloween.)

October 30th

GrantGregg
    $1600 3
Caspian

Grant
    $1600 7
(Gregg: What is The Land Before Time?)
...
(Ken: You don't remember [*]? Me either.)
[Laughter]

We're Back

Gregg
Triple Stumper
    $1600 10
Stephen

Grant
    $1600 5
"Go Tell It On The Mountain"

Grant
    $1600 16
a wormhole

Ivvone
    $1600 14
July 2nd

Grant
    $2000 1
deserts

Gregg
    $2000 2
Journey to the Center of the Earth

Grant
    $2000 11
(Grant: What's... John Paul I?)

Paul VI

Grant
Triple Stumper
    $2000 6
come hither

Gregg
    $2000 15
radio waves

Ivvone
    $2000 19
(Ivvone: What's 9/11?)
...
(Ken: What is [*], the assassination of Martin Luther King.)

April 4, 1968

Ivvone
Triple Stumper

Scores at the end of the Double Jeopardy! Round:

Grant Gregg Ivvone
$8,200 $6,800 $7,000

[wagering suggestions for these scores]

Final Jeopardy! Round responses

THE THEATER
(Ken: [To Gregg] Left unfinished--Spamalot it looks like it was going to be.)
[Gregg nods.]
...
(Ken: [To Ivvone] 12 jurors plus a guard and the voice of a judge.)
GreggWhat is The Spamal
$6,800
IvvoneWhat is 12 Angry Men
$7,000
GrantWhat is 12 Angry Men?
$5,801
12 Angry Men

Final scores:

Grant Gregg Ivvone
$14,001 $0 $14,000
4-day champion: $81,203 3rd place: $2,000 2nd place: $3,000

Game dynamics:

Coryat scores:

Grant Gregg Ivvone
$8,200 $12,400 $7,000
18 R,
11 W
16 R
(including 2 DDs),
4 W
(including 1 DD)
11 R,
2 W

Combined Coryat: $27,600

[game clues] [game scores] [suggest correction]

Game tape date: 2024-04-08
The J! Archive is created by fans, for fans. Scraping, republication, monetization, and malicious use prohibited; this site may use cookies and collect identifying information. See terms. The Jeopardy! game show and all elements thereof, including but not limited to copyright and trademark thereto, are the property of Jeopardy Productions, Inc. and are protected under law. This website is not affiliated with, sponsored by, or operated by Jeopardy Productions, Inc. Join the discussion at JBoard.tv.